|
|
|
|
| LEADER |
00849nab a2200241 i 4500 |
| 001 |
publ24154 |
| 005 |
20220420131008.0 |
| 008 |
220420s2016 hu o 0|| Magyar d |
| 022 |
|
|
|a 0030-6002
|
| 024 |
7 |
|
|a 10.1556/650.2016.30531
|2 doi
|
| 024 |
7 |
|
|a 3117088
|2 mtmt
|
| 040 |
|
|
|a SZTE Publicatio Repozitórium
|b hun
|
| 041 |
|
|
|a Magyar
|
| 100 |
1 |
|
|a Simon Zsófia Zsuzsanna
|
| 245 |
1 |
0 |
|a Aktualitások a primer myelofibrosis ellátásában [Actualities in the management of primary myelofibrosis]
|h [elektronikus dokumentum] /
|c Simon Zsófia Zsuzsanna
|
| 260 |
|
|
|c 2016
|
| 300 |
|
|
|a 1547-1556
|
| 490 |
0 |
|
|a ORVOSI HETILAP
|v 157 No. 39
|
| 650 |
|
4 |
|a Klinikai orvostan
|
| 700 |
0 |
1 |
|a Marton Imelda
|e aut
|
| 700 |
0 |
1 |
|a Borbényi Zita
|e aut
|
| 700 |
0 |
1 |
|a Illés Árpád
|e aut
|
| 856 |
4 |
0 |
|u http://publicatio.bibl.u-szeged.hu/24154/1/Simon.pdf
|z Dokumentum-elérés
|